[Event "USA tt"]
[Site "ICC INT"]
[Date "2015.10.13"]
[Round "8"]
[White "Subervi Nunez, Jonathan Sigfredo"]
[Black "Martirosov, Vadim"]
[Result "0-1"]
[WhiteElo "2222"]
[BlackElo "2234"]
[PlyCount "56"]
[EventDate "2015.08.25"]
[EventType "team-swiss"]
[EventRounds "10"]
[EventCountry "USA"]
[SourceTitle "EXT 2017"]
[Source "ChessBase"]
[SourceDate "2016.10.25"]
[SourceVersion "1"]
[SourceVersionDate "2016.10.25"]
[SourceQuality "1"]
[WhiteTeam "New York"]
[BlackTeam "Boston"]
[WhiteTeamCountry "USA"]
[BlackTeamCountry "USA"]

1. Nf3 d5 2. c4 c6 3. d4 e6 4. e3 f5 5. Bd3 Nf6 6. 0-0 Bd6 7. Qc2 0-0 8. cxd5 cxd5 9. b3 Nc6 10. Bb2 Bd7 11. Qe2 Be8 12. Ne5 Bh5 13. f3 Qb8 14. Nxc6 Bxh2+ 15. Kh1 bxc6 16. g4 Bd6 17. gxh5 Nxh5 18. Rg1 Rf6 19. f4 Bxf4 20. Nd2 Rh6 21. Kg2 Bh2 22. Kf2 Bxg1+ 23. Rxg1 Qh2+ 24. Rg2 Qh4+ 25. Kg1 Ng3 26. Qf3 Ne4 27. Kf1 Qh1+ 28. Ke2 Rh2 0-1

[Event "MetroWest Holiday Cheer"]
[Site "Natick"]
[Date "2014.12.09"]
[Round "2.3"]
[White "Martirosov, Vadim"]
[Black "Kildahl, Brett"]
[Result "1-0"]
[WhiteElo "2366"]
[BlackElo "2201"]
[PlyCount "97"]
[EventDate "2014.12.02"]
[EventType "swiss"]
[EventRounds "5"]
[EventCountry "USA"]
[SourceTitle "EXT 2023"]
[Source "ChessBase"]
[SourceDate "2022.10.05"]
[SourceVersion "1"]
[SourceVersionDate "2022.10.05"]
[SourceQuality "1"]

1. d4 Nf6 2. Nf3 g6 3. c4 Bg7 4. Nc3 0-0 5. e4 d6 6. Be2 c5 7. d5 e6 8. 0-0 exd5 9. exd5 Bg4 10. Bf4 a6 11. Re1 Re8 12. h3 Bxf3 13. Bxf3 Rxe1+ 14. Qxe1 Qf8 15. g4 Nfd7 16. Qd2 Ne5 17. Be2 Nbd7 18. Rc1 Re8 19. Kg2 Qe7 20. Bg5 f6 21. Bh4 Nf7 22. Re1 Bh6 23. f4 Bxf4 24. Qxf4 g5 25. Qf2 gxh4 26. Qxh4 Ng5 27. Qg3 Ne4 28. Nxe4 Qxe4+ 29. Kf1 Ne5 30. b3 Kh8 31. Bf3 Qd3+ 32. Kg2 Rg8 33. Qf4 Qg6 34. Be4 Qg5 35. Rf1 Qxf4 36. Rxf4 Kg7 37. Bf5 b5 38. cxb5 axb5 39. a4 b4 40. Rf1 c4 41. bxc4 Nxc4 42. Kf2 Nb6 43. a5 Nc4 44. a6 Ra8 45. Rc1 Nb6 46. Rc7+ Kg8 47. a7 b3 48. Rb7 Nc8 49. Bxc8 1-0

[Event "MetroWest Memorial op"]
[Site "Natick"]
[Date "2014.09.02"]
[Round "1.1"]
[White "Kildahl, Brett"]
[Black "Martirosov, Vadim"]
[Result "0-1"]
[WhiteElo "2091"]
[BlackElo "2374"]
[PlyCount "102"]
[EventDate "2014.09.02"]
[EventType "swiss"]
[EventRounds "5"]
[EventCountry "USA"]
[SourceTitle "EXT 2023"]
[Source "ChessBase"]
[SourceDate "2022.10.05"]
[SourceVersion "1"]
[SourceVersionDate "2022.10.05"]
[SourceQuality "1"]

1. Nf3 d5 2. g3 Nf6 3. Bg2 Bg4 4. 0-0 Nbd7 5. d3 e6 6. Nbd2 Bc5 7. e4 0-0 8. Qe2 Ne5 9. h3 Nxf3+ 10. Nxf3 Bxf3 11. Qxf3 c6 12. Bg5 Be7 13. Rfe1 Re8 14. c3 Nd7 15. Bxe7 Rxe7 16. d4 Rc8 17. Rad1 Nf6 18. Qd3 Qa5 19. a3 Qa4 20. Kh2 Qb3 21. Rd2 a5 22. f4 dxe4 23. Bxe4 Nxe4 24. Qxe4 Rce8 25. Rde2 Qb5 26. Qc2 g6 27. Re5 Qb6 28. R1e2 Qc7 29. Qb3 Kg7 30. h4 Rd8 31. h5 Rd5 32. hxg6 hxg6 33. Kg1 Red7 34. Rxd5 Rxd5 35. Re5 b5 36. a4 bxa4 37. Qxa4 Qb6 38. Rxd5 cxd5 39. Qc2 Qb5 40. Kf2 a4 41. Qd2 Qb3 42. Kf3 Qa2 43. Qc1 Qc4 44. Ke3 Qb5 45. Qc2 Qf1 46. Qf2 Qb1 47. Qd2 Qe4+ 48. Kf2 Qb1 49. Ke3 Kf8 50. Qd3 Qxb2 51. Qd2 Qb1 0-1

[Event "MCC Independence Day"]
[Site "Natick"]
[Date "2014.07.15"]
[Round "3.3"]
[White "Martirosov, Vadim"]
[Black "Arun, Siddharth"]
[Result "1-0"]
[WhiteElo "2377"]
[BlackElo "2234"]
[PlyCount "93"]
[EventDate "2014.07.01"]
[EventType "swiss"]
[EventRounds "5"]
[EventCountry "USA"]
[SourceTitle "EXT 2023"]
[Source "ChessBase"]
[SourceDate "2022.10.05"]
[SourceVersion "1"]
[SourceVersionDate "2022.10.05"]
[SourceQuality "1"]

1. d4 Nf6 2. Nf3 c5 3. d5 e6 4. Nc3 d6 5. e4 e5 6. Bb5+ Nbd7 7. a4 g6 8. 0-0 Bg7 9. a5 a6 10. Be2 0-0 11. Nd2 Rb8 12. Nc4 Qe7 13. Bd2 Ne8 14. b4 Nc7 15. Na4 cxb4 16. Bxb4 Nb5 17. Na3 Nxa3 18. Rxa3 b5 19. axb6 Nxb6 20. Nxb6 Rxb6 21. Ba5 Rb8 22. Bd2 Ra8 23. Qa1 f5 24. Bxa6 Bxa6 25. Rxa6 Qb7 26. Rxa8 Rxa8 27. Qb1 Qxb1 28. Rxb1 fxe4 29. c4 Ra4 30. Rc1 Bf8 31. Kf1 Kf7 32. Be3 Rb4 33. Rc2 Kf6 34. Ke2 Kf5 35. Ra2 Rb7 36. Kd2 Be7 37. Ra7 Rxa7 38. Bxa7 h5 39. Be3 g5 40. Kc3 g4 41. c5 dxc5 42. Kc4 h4 43. g3 hxg3 44. hxg3 Bd6 45. Bxc5 Bb8 46. Kb5 e3 47. Bxe3 1-0

[Event "MetroWest CC Anniversary 32nd"]
[Site "Natick"]
[Date "2014.05.13"]
[Round "2.2"]
[White "Martirosov, Vadim"]
[Black "Times, Lawyer"]
[Result "1-0"]
[WhiteElo "2361"]
[BlackElo "2279"]
[PlyCount "65"]
[EventDate "2014.05.06"]
[EventType "swiss"]
[EventRounds "4"]
[EventCountry "USA"]
[SourceTitle "EXT 2023"]
[Source "ChessBase"]
[SourceDate "2022.10.05"]
[SourceVersion "1"]
[SourceVersionDate "2022.10.05"]
[SourceQuality "1"]

1. d4 Nf6 2. Nf3 c5 3. e3 d5 4. c4 cxd4 5. exd4 Nc6 6. Nc3 Bg4 7. cxd5 Nxd5 8. Qb3 Bxf3 9. gxf3 e6 10. Qxb7 Nxd4 11. Bb5+ Nxb5 12. Qc6+ Ke7 13. Qxb5 Nxc3 14. bxc3 Qd5 15. Qe2 Kf6 16. Be3 Bc5 17. Rd1 Qf5 18. 0-0 Rad8 19. Qc4 Bxe3 20. fxe3 Qg5+ 21. Kf2 Qe5 22. Qh4+ g5 23. Qh6+ Ke7 24. Rd4 Rxd4 25. cxd4 Qa5 26. Kg3 Rg8 27. Qxh7 Rg6 28. Qh8 Rf6 29. Rc1 e5 30. Qb8 exd4 31. Rc7+ Ke6 32. Qc8+ Kd5 33. Qd8+ 1-0

[Event "MetroWest CC-ch A"]
[Site "Natick"]
[Date "2014.04.29"]
[Round "5.1"]
[White "Martirosov, Vadim"]
[Black "Shmeliov, Denis"]
[Result "1/2-1/2"]
[WhiteElo "2352"]
[BlackElo "2496"]
[PlyCount "21"]
[EventDate "2014.04.01"]
[EventType "tourn"]
[EventRounds "5"]
[EventCountry "USA"]
[EventCategory "5"]
[SourceTitle "EXT 2023"]
[Source "ChessBase"]
[SourceDate "2022.10.05"]
[SourceVersion "1"]
[SourceVersionDate "2022.10.05"]
[SourceQuality "1"]

1. d4 Nf6 2. Nf3 g6 3. c4 Bg7 4. Nc3 d5 5. cxd5 Nxd5 6. e4 Nxc3 7. bxc3 c5 8. Be2 0-0 9. Rb1 Nc6 10. Be3 cxd4 11. cxd4 1/2-1/2

[Event "MCC Vernal Equinox"]
[Site "Natick"]
[Date "2014.03.11"]
[Round "2.2"]
[White "Kelly, Joseph F"]
[Black "Martirosov, Vadim"]
[Result "0-1"]
[WhiteElo "1945"]
[BlackElo "2352"]
[PlyCount "76"]
[EventDate "2014.03.04"]
[EventType "swiss"]
[EventRounds "4"]
[EventCountry "USA"]
[SourceTitle "EXT 2023"]
[Source "ChessBase"]
[SourceDate "2022.10.05"]
[SourceVersion "1"]
[SourceVersionDate "2022.10.05"]
[SourceQuality "1"]

1. d4 d5 2. Nf3 Nf6 3. c4 e6 4. Nc3 Be7 5. Bg5 0-0 6. e3 h6 7. Bh4 b6 8. cxd5 Nxd5 9. Bg3 c5 10. Be2 cxd4 11. Nxd4 Nxc3 12. bxc3 Bb7 13. Bf3 Qc8 14. 0-0 Rd8 15. Bxb7 Qxb7 16. Qa4 Rc8 17. Rfd1 Nc6 18. Rd3 Nxd4 19. cxd4 b5 20. Qd1 Qd5 21. Qb3 a5 22. Rdd1 a4 23. Qxd5 exd5 24. Rdc1 Ba3 25. Rc7 Rxc7 26. Bxc7 Rc8 27. Bb6 Rc2 28. Kf1 Bb2 29. Rb1 b4 30. e4 dxe4 31. d5 Kf8 32. Ba5 b3 33. axb3 axb3 34. Ke1 Ke7 35. Bb4+ Kd7 36. Ba5 Kd6 37. Bb4+ Kxd5 38. Bf8 Ke5 0-1

[Event "USA tt"]
[Site "ICC INT"]
[Date "2013.09.25"]
[Round "5"]
[White "Martirosov, Vadim"]
[Black "Kaufman, Larry C"]
[Result "1/2-1/2"]
[WhiteElo "2230"]
[BlackElo "2332"]
[PlyCount "63"]
[EventDate "2013.08.27"]
[EventType "team-tourn"]
[EventRounds "10"]
[EventCountry "USA"]
[SourceTitle "CBM 156 Extra"]
[Source "ChessBase"]
[SourceDate "2013.10.22"]
[SourceVersion "1"]
[SourceVersionDate "2013.10.22"]
[SourceQuality "1"]
[WhiteTeam "Boston"]
[BlackTeam "Baltimore"]
[WhiteTeamCountry "USA"]
[BlackTeamCountry "USA"]

1. d4 d5 2. c4 e6 3. Nf3 Nf6 4. g3 Bb4+ 5. Bd2 Be7 6. Bg2 0-0 7. 0-0 c6 8. Qc2 b6 9. Bf4 Bb7 10. Nbd2 Nh5 11. cxd5 Nxf4 12. gxf4 cxd5 13. Rfc1 Nc6 14. Qa4 Qd7 15. e3 Rfc8 16. Bf1 a6 17. Qb3 Qd8 18. Ne5 Na5 19. Qd1 f6 20. Nef3 Qe8 21. Bh3 Bd6 22. Rxc8 Bxc8 23. Rc1 Bd7 24. Nh4 Rc8 25. Rxc8 Qxc8 26. f5 e5 27. dxe5 Bxe5 28. Bg2 Bxf5 29. Nxf5 Qxf5 30. Nb3 Bxb2 31. Nxa5 bxa5 32. Qxd5+ 1/2-1/2

[Event "MetroWest CC-ch"]
[Site "Natick"]
[Date "2013.04.16"]
[Round "3"]
[White "Krasik, Ilya"]
[Black "Martirosov, Vadim"]
[Result "1-0"]
[WhiteElo "2271"]
[BlackElo "2343"]
[PlyCount "87"]
[EventDate "2013.04.02"]
[EventType "tourn"]
[EventRounds "5"]
[EventCountry "USA"]
[EventCategory "4"]
[SourceTitle "EXT 2023"]
[Source "ChessBase"]
[SourceDate "2022.10.05"]
[SourceVersion "1"]
[SourceVersionDate "2022.10.05"]
[SourceQuality "1"]

1. d4 Nf6 2. c4 e6 3. Nf3 b6 4. a3 Ba6 5. Qa4 Bb7 6. g3 Be7 7. Bg2 0-0 8. 0-0 Qc8 9. Nc3 Ne4 10. Qc2 f5 11. Bd2 Bf6 12. Rad1 Nxc3 13. Bxc3 Be4 14. Qc1 d6 15. Bh3 Qe8 16. Ng5 Qh5 17. Nxe4 Qxh3 18. Ng5 Bxg5 19. Qxg5 Rf6 20. f3 Nd7 21. Rf2 Raf8 22. Rg2 h6 23. Qe3 Rg6 24. Qd3 Nf6 25. Kh1 Nh5 26. Rdg1 Rff6 27. e3 Rg5 28. f4 Rg4 29. d5 Rfg6 30. Be1 e5 31. fxe5 dxe5 32. Qxf5 e4 33. Qc8+ Kh7 34. Qxc7 Rf6 35. Qe5 Rf3 36. d6 Rxe3 37. Qf5+ Kh8 38. d7 Rd3 39. Qf8+ Kh7 40. d8Q Rxd8 41. Qxd8 Rg6 42. Qh4 Qf5 43. g4 Qf3 44. Qxh5 1-0

[Event "USA tt"]
[Site "ICC INT"]
[Date "2012.10.18"]
[Round "7"]
[White "Wu, Christopher"]
[Black "Martirosov, Vadim"]
[Result "1/2-1/2"]
[WhiteElo "2232"]
[BlackElo "2233"]
[PlyCount "137"]
[EventDate "2012.09.04"]
[EventType "team-tourn"]
[EventRounds "10"]
[EventCountry "USA"]
[SourceTitle "EXT 2013"]
[Source "ChessBase"]
[SourceDate "2012.11.22"]
[SourceVersion "1"]
[SourceVersionDate "2012.11.22"]
[SourceQuality "1"]
[WhiteTeam "New Jersey"]
[BlackTeam "Boston"]
[WhiteTeamCountry "USA"]
[BlackTeamCountry "USA"]

1. e4 e5 2. Nf3 Nc6 3. Bb5 Nf6 4. d3 Bc5 5. c3 d6 6. 0-0 0-0 7. Nbd2 a6 8. Ba4 Ba7 9. h3 Ne7 10. Re1 Ng6 11. Nf1 Bd7 12. Ng3 Bxa4 13. Qxa4 Qd7 14. Qc2 Rfe8 15. Bg5 Qe6 16. d4 h6 17. d5 Qe7 18. Nf5 Qd8 19. Be3 Bxe3 20. Rxe3 Nf4 21. Kh2 g6 22. Nxh6+ Kg7 23. Ng5 Rf8 24. Nhxf7 Rxf7 25. Nxf7 Kxf7 26. g3 N4h5 27. c4 Qd7 28. Kg2 Rh8 29. Rh1 Qe7 30. b4 Nd7 31. Rc3 b6 32. Qa4 a5 33. a3 Kg7 34. Qc6 Ndf6 35. Re3 axb4 36. axb4 Rf8 37. Rc1 Ne8 38. c5 bxc5 39. bxc5 Qf7 40. Rc2 Nhf6 41. Qb5 Nxe4 42. cxd6 cxd6 43. Qe2 Nc5 44. Rxc5 dxc5 45. Rxe5 Kg8 46. f4 Nf6 47. Qc2 Nxd5 48. Qxc5 Nf6 49. Qc6 Qa2+ 50. Kg1 Qa1+ 51. Kg2 Qb2+ 52. Kg1 Qa1+ 53. Kg2 Qa8 54. Qxa8 Rxa8 55. Rg5 Ra2+ 56. Kf3 Ra3+ 57. Kg2 Ra2+ 58. Kf3 Kf7 59. f5 Ra3+ 60. Kg2 gxf5 61. Rxf5 Ke6 62. Rf3 Ra2+ 63. Rf2 Ra3 64. Rf3 Ra2+ 65. Rf2 Ra3 66. Rf3 Ra2+ 67. Rf2 Ra3 68. Rf3 Ra2+ 69. Rf2 1/2-1/2

[Event "USA tt"]
[Site "ICC INT"]
[Date "2012.10.11"]
[Round "6"]
[White "Martirosov, Vadim"]
[Black "Abrahamyan, Tatev"]
[Result "1-0"]
[WhiteElo "2233"]
[BlackElo "2303"]
[PlyCount "95"]
[EventDate "2012.09.04"]
[EventType "team-tourn"]
[EventRounds "10"]
[EventCountry "USA"]
[SourceTitle "CBM 150 Extra"]
[Source "ChessBase"]
[SourceDate "2012.10.19"]
[SourceVersion "1"]
[SourceVersionDate "2012.10.19"]
[SourceQuality "1"]
[WhiteTeam "Boston"]
[BlackTeam "Los Angeles"]
[WhiteTeamCountry "USA"]
[BlackTeamCountry "USA"]

1. d4 Nf6 2. Nf3 g6 3. c4 Bg7 4. g3 0-0 5. Bg2 d6 6. 0-0 Nc6 7. Nc3 a6 8. Qd3 Bf5 9. e4 Bg4 10. Be3 Nd7 11. Ne1 e5 12. d5 Nd4 13. f3 Nc5 14. Qd1 Bc8 15. Nc2 Nxc2 16. Qxc2 a5 17. a3 Bd7 18. b4 axb4 19. axb4 Na6 20. Rab1 f5 21. c5 Rf7 22. c6 bxc6 23. dxc6 Be6 24. Rfd1 Qf8 25. Nd5 Bh6 26. Bxh6 Qxh6 27. Qd2 Qxd2 28. Rxd2 Bxd5 29. exd5 Rb8 30. Rdb2 Rb6 31. Bf1 e4 32. f4 Re7 33. Bxa6 Rxa6 34. b5 Rb6 35. Ra1 e3 36. Kf1 Rb8 37. Ra7 Kf7 38. Ke2 Ke8 39. Rb7 Ra8 40. b6 cxb6 41. Rxe7+ Kxe7 42. Rxb6 Ra5 43. Rb7+ Kf6 44. Rb8 Rc5 45. Rd8 Rc2+ 46. Kxe3 Ke7 47. Rd7+ Ke8 48. Rxd6 1-0

[Event "USA tt"]
[Site "ICC INT"]
[Date "2012.09.24"]
[Round "4"]
[White "Xiong, Jeffery"]
[Black "Martirosov, Vadim"]
[Result "0-1"]
[WhiteElo "2220"]
[BlackElo "2233"]
[PlyCount "106"]
[EventDate "2012.09.04"]
[EventType "team-tourn"]
[EventRounds "10"]
[EventCountry "USA"]
[SourceTitle "CBM 150 Extra"]
[Source "ChessBase"]
[SourceDate "2012.10.19"]
[SourceVersion "1"]
[SourceVersionDate "2012.10.19"]
[SourceQuality "1"]
[WhiteTeam "Dallas"]
[BlackTeam "Boston"]
[WhiteTeamCountry "USA"]
[BlackTeamCountry "USA"]

1. e4 e5 2. Nf3 Nc6 3. Bb5 Nf6 4. 0-0 Nxe4 5. d4 Be7 6. Re1 Nd6 7. dxe5 Nxb5 8. a4 Nbd4 9. Nxd4 Nxd4 10. Qxd4 0-0 11. Bf4 d6 12. exd6 cxd6 13. Nc3 Bf6 14. Qb4 Bxc3 15. bxc3 a5 16. Qd4 Bf5 17. Bxd6 Re8 18. Qf4 Bxc2 19. Bc7 Qd7 20. Rxe8+ Rxe8 21. Bxa5 Bxa4 22. h3 Bc6 23. Qg3 h6 24. Bb4 Re6 25. Qg4 Qe8 26. Qf4 Rg6 27. g3 Rf6 28. Qd4 Re6 29. c4 Re4 30. Qd3 Qe6 31. Kh2 Bd7 32. Ra8+ Kh7 33. g4 f5 34. Qd6 Rxc4 35. Qxe6 Bxe6 36. gxf5 Bxf5 37. Bd6 Rc3 38. Bg3 h5 39. h4 Rc1 40. Re8 Bg4 41. Re7 Rd1 42. Be5 Rd7 43. Rxd7 Bxd7 44. Kg3 b5 45. Kf4 b4 46. Ke3 b3 47. Kd3 g5 48. hxg5 Kg6 49. Kc3 Be6 50. Kd2 Kxg5 51. Ke2 Kf5 52. f4 h4 53. Kf2 Ke4 0-1

[Event "USA-chT Amateur East"]
[Site "Parsippany"]
[Date "2012.02.18"]
[Round "2"]
[White "Vilenchuk, Michael"]
[Black "Martirosov, Vadim"]
[Result "1-0"]
[WhiteElo "2224"]
[BlackElo "2247"]
[PlyCount "45"]
[EventDate "2012.02.18"]
[EventType "team-swiss"]
[EventRounds "6"]
[EventCountry "USA"]
[SourceTitle "CBM 147 Extra"]
[Source "ChessBase"]
[SourceDate "2012.04.24"]
[SourceVersion "1"]
[SourceVersionDate "2012.04.24"]
[SourceQuality "1"]

1. e4 c5 2. Nf3 Nc6 3. d4 cxd4 4. Nxd4 Nf6 5. Nc3 e6 6. g3 Bb4 7. Bg2 d5 8. exd5 Nxd5 9. 0-0 0-0 10. Nxd5 exd5 11. c3 Be7 12. Bf4 Qb6 13. Bxd5 Bh3 14. Re1 Rad8 15. Bxc6 bxc6 16. Rxe7 c5 17. Bc7 Qb7 18. Qf3 Qxb2 19. Rae1 cxd4 20. Bxd8 dxc3 21. Re8 Be6 22. Rxf8+ Kxf8 23. Qa8 1-0

[Event "USA tt"]
[Site "ICC INT"]
[Date "2011.09.19"]
[Round "4"]
[White "Martirosov, Vadim"]
[Black "Enkhbat, Tegshsuren"]
[Result "1/2-1/2"]
[WhiteElo "2247"]
[BlackElo "2364"]
[PlyCount "118"]
[EventDate "2011.08.29"]
[EventType "team-tourn"]
[EventRounds "10"]
[EventCountry "USA"]
[SourceTitle "CBM 144 Extra"]
[Source "ChessBase"]
[SourceDate "2011.10.28"]
[SourceVersion "1"]
[SourceVersionDate "2011.10.28"]
[SourceQuality "1"]
[WhiteTeam "Boston Blitz"]
[BlackTeam "Baltimore"]
[WhiteTeamCountry "USA"]
[BlackTeamCountry "USA"]

1. d4 d5 2. c4 c6 3. cxd5 cxd5 4. Nc3 Nf6 5. Nf3 Nc6 6. Bf4 a6 7. Rc1 Bf5 8. Ne5 Rc8 9. e3 Nxe5 10. dxe5 Ne4 11. Nxe4 Rxc1 12. Qxc1 Bxe4 13. e6 Qa5+ 14. Ke2 fxe6 15. f3 Qb5+ 16. Kd2 Qb4+ 17. Qc3 Qxc3+ 18. Kxc3 Bg6 19. Be5 Rg8 20. Bd3 Bxd3 21. Kxd3 g5 22. Rc1 g4 23. f4 Rg6 24. Rc7 Rh6 25. Ke2 Kf7 26. Kf2 Rxh2 27. Kg3 Rh1 28. Kxg4 h5+ 29. Kf3 b5 30. Ra7 Bg7 31. Bxg7 Kxg7 32. Rxa6 Kf6 33. Rb6 Rf1+ 34. Ke2 Rg1 35. Kf2 Rc1 36. Rxb5 Kf5 37. Kf3 Rf1+ 38. Ke2 Rg1 39. a4 Ra1 40. a5 h4 41. Kf3 Rf1+ 42. Ke2 Ra1 43. Kd3 Kg4 44. Rb8 Rxa5 45. Rg8+ Kf5 46. Rg5+ Kf6 47. Rg4 Rb5 48. Kc3 Rc5+ 49. Kd3 Rb5 50. Kc3 Rc5+ 51. Kd4 Rc2 52. Rxh4 Rxb2 53. Rh6+ Kf7 54. g4 Rb4+ 55. Kc3 Rc4+ 56. Kd3 e5 57. Rh7+ Kg6 58. Rxe7 exf4 59. exf4 Rxf4 1/2-1/2

[Event "USA tt"]
[Site "ICC INT"]
[Date "2011.09.14"]
[Round "3"]
[White "Herman, Matthew J"]
[Black "Martirosov, Vadim"]
[Result "0-1"]
[WhiteElo "2414"]
[BlackElo "2247"]
[PlyCount "84"]
[EventDate "2011.08.29"]
[EventType "team-tourn"]
[EventRounds "10"]
[EventCountry "USA"]
[SourceTitle "CBM 144 Extra"]
[Source "ChessBase"]
[SourceDate "2011.10.28"]
[SourceVersion "1"]
[SourceVersionDate "2011.10.28"]
[SourceQuality "1"]
[WhiteTeam "New York Knights"]
[BlackTeam "Boston Blitz"]
[WhiteTeamCountry "USA"]
[BlackTeamCountry "USA"]

1. e4 e5 2. Nf3 d6 3. d4 exd4 4. Qxd4 Nf6 5. Bg5 Be7 6. Nc3 0-0 7. 0-0-0 Nc6 8. Qd2 a6 9. Kb1 Be6 10. Bd3 Ne5 11. Nxe5 dxe5 12. f4 h6 13. h4 exf4 14. Qxf4 Ng4 15. Bxe7 Qxe7 16. Nd5 Qd6 17. Qxd6 cxd6 18. Nb6 Nf2 19. Nxa8 Rxa8 20. Rhf1 Nxd1 21. Rxd1 Kf8 22. Be2 Ke7 23. Bf3 g5 24. hxg5 hxg5 25. e5 dxe5 26. Bxb7 Ra7 27. Bf3 g4 28. Be2 a5 29. c4 Rd7 30. Rxd7+ Bxd7 31. Kc2 f5 32. Kd3 Bc6 33. Bf1 f4 34. Ke2 Kd6 35. b3 Kc5 36. a3 a4 37. bxa4 Kxc4 38. Kf2+ Kc5 39. g3 Bxa4 40. Bd3 Bd7 41. Bg6 Kd4 42. Bf7 f3 0-1

[Event "USA tt"]
[Site "ICC INT"]
[Date "2010.10.11"]
[Round "8"]
[White "Bapat, Udayan"]
[Black "Martirosov, Vadim"]
[Result "0-1"]
[WhiteElo "2110"]
[BlackElo "2264"]
[PlyCount "116"]
[EventDate "2010.08.23"]
[EventType "team"]
[EventRounds "10"]
[EventCountry "USA"]
[SourceTitle "CBM 138 Extra"]
[Source "ChessBase"]
[SourceDate "2010.10.29"]
[SourceVersion "1"]
[SourceVersionDate "2010.10.29"]
[SourceQuality "1"]

1. e4 c5 2. Nf3 d6 3. Bb5+ Bd7 4. Bxd7+ Qxd7 5. 0-0 Nc6 6. c3 Nf6 7. Re1 e6 8. d4 cxd4 9. cxd4 d5 10. e5 Ne4 11. Nbd2 Nxd2 12. Bxd2 Be7 13. Rc1 0-0 14. Qe2 Rfc8 15. a3 Rc7 16. Rc2 Rac8 17. Rec1 a6 18. Qd3 Nb8 19. Ba5 Rxc2 20. Rxc2 Rc6 21. Rxc6 Qxc6 22. Qc3 Qxc3 23. Bxc3 Nc6 24. Kf1 h5 25. Ne1 b5 26. Ke2 a5 27. Kd3 Kh7 28. g3 g5 29. h3 g4 30. h4 f6 31. exf6 Bxf6 32. b3 a4 33. bxa4 bxa4 34. Nc2 Kg6 35. Ne3 Be7 36. Nc2 Bf8 37. Bd2 e5 38. Bc1 exd4 39. Nxd4 Ne5+ 40. Ke2 Nc4 41. Nb5 Kf5 42. Nc3 d4 43. Nxa4 Ke4 44. Nb2 Ne5 45. Nd1 Nd3 46. Bb2 Nc5 47. Bc1 Nb3 48. Bb2 Bc5 49. a4 Bb4 50. a5 Nxa5 51. Bc1 Nc4 52. Bh6 Bc5 53. Bg5 d3+ 54. Kf1 Bd4 55. Ke1 Kf3 56. Kf1 Nb2 57. Be3 Nxd1 58. Bxd4 d2 0-1

[Event "USA tt"]
[Site "ICC INT"]
[Date "2010.09.20"]
[Round "5"]
[White "Kapengut, Albert Z"]
[Black "Martirosov, Vadim"]
[Result "1/2-1/2"]
[WhiteElo "2430"]
[BlackElo "2264"]
[PlyCount "79"]
[EventDate "2010.08.23"]
[EventType "team"]
[EventRounds "10"]
[EventCountry "USA"]
[SourceTitle "CBM 138 Extra"]
[Source "ChessBase"]
[SourceDate "2010.10.29"]
[SourceVersion "1"]
[SourceVersionDate "2010.10.29"]
[SourceQuality "1"]

1. e4 e5 2. Nf3 d6 3. d4 exd4 4. Nxd4 Nf6 5. Nc3 Be7 6. g3 0-0 7. Bg2 Bd7 8. 0-0 Nc6 9. Nf5 Bxf5 10. exf5 Re8 11. g4 Nd7 12. Nd5 Bf8 13. c4 Nb6 14. b3 Nxd5 15. cxd5 Qf6 16. Be3 Ne5 17. Rc1 Qh4 18. h3 c5 19. dxc6 Nxc6 20. Rc4 d5 21. Qxd5 Rad8 22. Qb5 Re5 23. Qxb7 Na5 24. Qxa7 Nxc4 25. bxc4 h5 26. f4 Rxe3 27. Qxe3 hxg4 28. Kh2 gxh3 29. Qxh3 Qe7 30. Bd5 Rd6 31. Rg1 Qa7 32. Rg2 Qb6 33. Qd3 Rh6+ 34. Kg3 Qf6 35. Qe4 Rh1 36. Rh2 Rg1+ 37. Rg2 Rh1 38. Rh2 Rg1+ 39. Rg2 Rh1 40. Rh2 1/2-1/2

[Event "Harvard op"]
[Site "Harvard"]
[Date "2008.10.11"]
[Round "3"]
[White "Esserman, Marc"]
[Black "Martirosov, Vadim"]
[Result "1-0"]
[WhiteElo "2424"]
[BlackElo "2235"]
[PlyCount "49"]
[EventDate "2008.10.11"]
[EventType "swiss"]
[EventRounds "1"]
[EventCountry "USA"]
[SourceTitle "EXT 2015"]
[Source "ChessBase"]
[SourceDate "2014.11.20"]
[SourceVersion "1"]
[SourceVersionDate "2014.11.20"]
[SourceQuality "1"]

1. e4 c5 2. d4 cxd4 3. c3 dxc3 4. Nxc3 e6 5. Nf3 a6 6. Bc4 d6 7. 0-0 b5 8. Bb3 Ra7 9. Be3 Rd7 10. Nd4 Nf6 11. f4 Bb7 12. f5 e5 13. Ne6 fxe6 14. fxe6 Rc7 15. Bb6 Be7 16. Rc1 0-0 17. Bxc7 Qxc7 18. Nd5 Qd8 19. Nxe7+ Qxe7 20. Rc7 Qxc7 21. e7+ d5 22. Bxd5+ Bxd5 23. Qxd5+ Rf7 24. Qd8+ Qxd8 25. exd8Q+ 1-0

[Event "USA tt"]
[Site "ICC INT"]
[Date "2007.09.26"]
[Round "5"]
[White "Martirosov, Vadim"]
[Black "Rohonyan, Katerina"]
[Result "1/2-1/2"]
[WhiteElo "2264"]
[BlackElo "2316"]
[PlyCount "74"]
[EventDate "2007.08.29"]
[EventType "team"]
[EventRounds "10"]
[EventCountry "USA"]
[SourceTitle "CBM 120 Extra"]
[Source "ChessBase"]
[SourceDate "2007.11.01"]
[SourceVersion "1"]
[SourceVersionDate "2007.11.01"]
[SourceQuality "1"]

1. e4 c5 2. Nf3 Nc6 3. Bb5 Nf6 4. Nc3 Qc7 5. 0-0 Nd4 6. Re1 a6 7. Bc4 e6 8. e5 d5 9. exf6 dxc4 10. Ne4 Bd7 11. Nxd4 cxd4 12. d3 0-0-0 13. fxg7 Bxg7 14. Bg5 Rde8 15. Qh5 Bc6 16. Qxf7 Qxf7 17. Nd6+ Kd7 18. Nxf7 Rhg8 19. g3 cxd3 20. cxd3 e5 21. f4 Bd5 22. Nh6 Bxh6 23. Bxh6 Rg6 24. Bg5 h6 25. Bh4 exf4 26. Rxe8 Kxe8 27. Re1+ Kd7 28. Re7+ Kc6 29. Kf2 fxg3+ 30. Bxg3 Bxa2 31. Rc7+ Kb6 32. Rd7 Rc6 33. Be5 Rc2+ 34. Kg3 Rd2 35. Rxd4 Kc5 36. Rd6 Rxb2 37. Rxa6 bxa6 1/2-1/2